000 00589nam a2200229Ia 4500
003 OSt
005 20220924143545.0
006 a|||||r|||| 00| 0
007 ta
008 220923b |||||||| |||| 00| 0 urd d
024 _a308962
037 _cTextual
040 _aARTS
_cARTS
_burd
041 _2urd
_aurd
082 _aO152,3N14,1, 168L4
100 _aAzeemabadi Suhail
_9216275
245 0 _aYashpal
260 _c1974
650 _aHINDI LITERATURE
_923866
942 _hO152,3N14,1, 168L4
_cTEXL
_2CC
999 _c454985
_d454985